书目信息 |
| 题名: |
建筑电气安装工程图集 四
|
|
| 作者: | 吕广大 主编 | |
| 分册: | ||
| 出版信息: | 北京 中国电力出版社 2009.07 |
|
| 页数: | 1175页 | |
| 开本: | 19cm | |
| 丛书名: | ||
| 单 册: | ||
| 中图分类: | TU , TU85-64 | |
| 科图分类: | ||
| 主题词: | 房屋建筑设备:机电设备 | |
| 电子资源: | ||
| ISBN: | 978-7-80125-854-0 | |
| 000 | 00693nam0 2200217 450 | |
| 001 | 1154034656 | |
| 005 | 20110607082922.68 | |
| 010 | @a978-7-80125-854-0@dCNY70.00 | |
| 100 | @a20110606d2009 km y0chiy0120 ea | |
| 101 | 0 | @achi |
| 200 | 1 | @a建筑电气安装工程图集 四@Ajian zhu dian qi an zhuang gong cheng tu ji si@e设计·施工·材料@f吕广大主编@Flu guang da zhu bian |
| 205 | @a2版 | |
| 210 | @a北京@c中国电力出版社@d2009.07 | |
| 215 | @a1175页@d19cm | |
| 517 | 1 | @a设计·施工·材料@Ashe ji·shi gong·cai liao |
| 606 | 0 | @a房屋建筑设备:机电设备 |
| 690 | @aTU@v5 | |
| 690 | @aTU85-64@v5 | |
| 701 | 0 | @a吕广大@Alu guang da@4主编 |
| 801 | 0 | @aCN@bNISOFT@c20110607 |
| 905 | @aBZT@dTU85-64@e1-4 | |
| 建筑电气安装工程图集 四:设计·施工·材料/吕广大主编.-2版.-北京:中国电力出版社,2009.07 |
| 1175页;19cm |
| ISBN 978-7-80125-854-0:CNY70.00 |
| ● |
| 相关链接 |
|
|
|
正题名:建筑电气安装工程图集 四
索取号:TU85-64/1-4
 
预约/预借
| 序号 | 登录号 | 条形码 | 馆藏地/架位号 | 状态 | 备注 |
| 1 | 790422 | 2000790422 | 样本书库/样004架B面2层1列/ [索取号:TU85-64/1-4] | 在馆 | |
| 2 | 790423 | 2000790423 | 中心书库中库/ 中库022架A面6列1层12/ [索取号:TU85-64/1-4] | 在馆 | |
| 3 | 790424 | 2000790424 | 中心书库中库/ 中库022架A面6列1层10/ [索取号:TU85-64/1-4] | 在馆 | |
| 4 | 790425 | 2000790425 | 中心书库中库/ 中库022架A面6列1层1/ [索取号:TU85-64/1-4] | 在馆 | |
| 5 | 790426 | 2000790426 | 中心书库中库/ 中库022架A面6列1层4/ [索取号:TU85-64/1-4] | 在馆 | |
| 6 | 790427 | 2000790427 | 中心书库中库/ 中库022架A面6列1层11/ [索取号:TU85-64/1-4] | 在馆 |